| 000 | 00499nam a22001697a 4500 | ||
|---|---|---|---|
| 005 | 20250218103237.0 | ||
| 008 | 250218b |||||||| |||| 00| 0 eng d | ||
| 040 |
_aIN-DiNC _cIN-DiNC |
||
| 041 | _dasm | ||
| 082 |
_a050 _bRAI |
||
| 245 |
_aRaiway bibhagot nijuktir pariksha/ _bPlanned by Manoj Jain _cn.a. |
||
| 260 |
_aKolkata: _bGood books distributors publishers, _c2012. |
||
| 300 | _a291p. | ||
| 650 | _aRailway recruitment examination | ||
| 700 |
_aJain, Manoj _eContributor |
||
| 942 |
_2ddc _cBK |
||
| 999 |
_c12039 _d12039 |
||